Chansons de La Rvfleuze - Album Numéro d'écrou - Statistiques

Statistiques générales
  • Ce quiz a été pris 38 fois
  • Le résultat moyen est 10 sur 13
Statistiques - réponses
Ordre dans l'album Chansons % Correct
05 RKO
100%
12 Promenade
92%
11 Parlu
88%
13 Argent sale
84%
07 Crypto
84%
10 Serrure 667
84%
03 Fitness Park
80%
09 Tchouraye
76%
06 Betise
72%
01 Machiavel
72%
08 Coach
68%
04 Verisure
68%
02 312-391
64%
Aucun quiz correspondant
Distribution des résultats
% des personnes avec chaque résultat
Percentile par nombre de réponses
Votre historique - résultats
Vous n’avez pas pris ce quiz